| 000 | 00841nam a22002177a 4500 | ||
|---|---|---|---|
| 003 | JO-AjAnu | ||
| 005 | 20240326091001.0 | ||
| 008 | 240325b jo ||||| |||| 00| 0 ara d | ||
| 020 | _a9789923008348 | ||
| 040 |
_aJO-AjAnu _cJO-AjAnu |
||
| 041 | 0 | _aara | |
| 050 |
_aGT61. _bS53 2023 |
||
| 100 | 1 |
_aالشريدة، محمود حسين. _eمؤلف _933604 |
|
| 245 | 0 |
_aمتحف الوهادنة للتراث الشعبي : ذاكرة وطن / _cتأليف محمود حسين الشريدة |
|
| 250 | _aالطبعة الاولى | ||
| 260 |
_aعجلون : _bالمؤلف، _c2023 |
||
| 300 | _a265 صفحة | ||
| 504 | _aيحتوي على قائمة مراجع | ||
| 650 | 4 | 0 |
_aالعادات والتقاليد - الهوية الثقافية - المتاحف - التراث الشعبي - الاردن _965120 |
| 942 |
_2lcc _cBK _n0 |
||
| 999 |
_c33340 _d33340 |
||